Introducción a la contabilidad (Registro nro. 1763)
[ vista simple ]
| 000 -LEADER | |
|---|---|
| fixed length control field | 02487 a2200241 4500 |
| 001 - CONTROL NUMBER | |
| control field | 28960 |
| 005 - DATE AND TIME OF LATEST TRANSACTION | |
| control field | 20260407155558.0 |
| 008 - FIXED-LENGTH DATA ELEMENTS--GENERAL INFORMATION | |
| fixed length control field | 260407a1973 arg spa d |
| 003 - CONTROL NUMBER IDENTIFIER | |
| control field | AR-UNSa-BCEJYS |
| 040 ## - CATALOGING SOURCE | |
| Original cataloging agency | AR-UNSa-BCEJYS |
| Language of cataloging | spa |
| Transcribing agency | AR-UNSa-BCEJYS |
| 080 ## - UNIVERSAL DECIMAL CLASSIFICATION NUMBER | |
| Universal Decimal Classification number | 657 |
| Common auxiliary subdivision | Contabilidad |
| 100 1# - MAIN ENTRY--PERSONAL NAME | |
| Personal name | Perry, Kennet W. |
| 245 10 - TITLE STATEMENT | |
| Title | Introducción a la contabilidad |
| 264 #1 - PRODUCTION, PUBLICATION, DISTRIBUTION, MANUFACTURE, AND COPYRIGHT NOTICE | |
| Place of production, publication, distribution, manufacture | México : |
| Name of producer, publisher, distributor, manufacturer | McGraw-Hill |
| Date of production, publication, distribution, manufacture, or copyright notice | 1973 |
| 300 ## - PHYSICAL DESCRIPTION | |
| Extent | 759 p. |
| Dimensions | 24 cm. |
| 505 ## - FORMATTED CONTENTS NOTE | |
| Formatted contents note | Parte I: El ambiente de la contabilidad: 1. Contabilidad: el lenguaje de los negocios -- Parte II: La recolección y tabulación de los datos: 2. Transacciones contables y la ecuación básica - 3. Análisis de las transacciones y de las cuentas - 4. Los libros auxiliares y el ciclo contable - 5. Libros auxiliares del mayor, cuentas de control y transacciones a crédito - 6. La contabilización de instrumentos de crédito - 7. La contabilización de las transacciones en efectivo - 8. Sistematización y automatización del proceso contable -- Parte III: La comparación y modificación de la información contable: 9. La contabilización de acumulados y diferidos - 10. La contabilización de inventarios - 11. La contabilización de activos duraderos - 12. La contabilización de obligaciones corrientes - 13. La contabilización de las obligaciones a largo plazo -- Parte IV: Contabilidad de sociedades y corporaciones: 14. Sociedades - 15. Corporaciones: naturaleza y terminología - 16. Corporaciones: transacciones del capital propio aportado - 17. Corporaciones: transacciones de las ganancias no distribuidas -- Parte V: Contabilización de los impuestos nacionales a la renta o utilidades: 18. Impuestos nacionales a la renta o utilidades -- Parte VI: Difusión e interpretación de los datos contables: 19. Estados financieros básicos - 20. Estados financieros especiales - 21. Herramientas básicas del análisis de los estados financieros - 22. Herramientas especiales del análisis financiero - Parte VII: La planeación y el control de las operaciones de fabricación: 23. La contabilidad de las operaciones de fabricación - 24. Sistemas básicos de costos - 25. Presupuesto y costo estandar -- Parte VIII: Matemáticas para la contabilidad: 26. Técnicas matemáticas esenciales para el proceso contable |
| 590 ## - LOCAL NOTE (RLIN) | |
| Local note | niveau_biblio:m niveau_hierar:0 |
| 700 1# - ADDED ENTRY--PERSONAL NAME | |
| Personal name | Ortiz Pulecio, Mario |
| 700 1# - ADDED ENTRY--PERSONAL NAME | |
| Personal name | Loaiza Gallon, Hernando |
| 700 1# - ADDED ENTRY--PERSONAL NAME | |
| Personal name | Molina Lozano, Jairo |
| 700 1# - ADDED ENTRY--PERSONAL NAME | |
| Personal name | Garcia Madariaga, Ricardo |
| 942 ## - ADDED ENTRY ELEMENTS (KOHA) | |
| Koha item type | |
| Withdrawn status | Lost status | Damaged status | Not for loan | Home library | Current library | Shelving location | Date acquired | Total checkouts | Full call number | Barcode | Date last seen | Price effective from | Koha item type |
|---|---|---|---|---|---|---|---|---|---|---|---|---|---|
| Biblioteca Prof. Eusebio Cleto del Rey | Biblioteca Prof. Eusebio Cleto del Rey | 07/04/2026 | 657 P462 | L26180 | 07/04/2026 | 07/04/2026 | Libro | ||||||
| Biblioteca Prof. Eusebio Cleto del Rey | Biblioteca Prof. Eusebio Cleto del Rey | 07/04/2026 | 657 P462 | L26181 | 07/04/2026 | 07/04/2026 | Libro | ||||||
| Biblioteca Prof. Eusebio Cleto del Rey | Biblioteca Prof. Eusebio Cleto del Rey | 07/04/2026 | 657 P462 | L26182 | 07/04/2026 | 07/04/2026 | Libro |